000 00618pam a2200229 i 4500
005 20260322212021.0
008 data
010 _a 79024137
020 _a0810917645 :
_c{dollar}18.95
020 _a9780810917644 :
_c{dollar}18.95
040 _aDLC
_cDLC
_dDLC
050 0 0 _aQH88
_b.W29
082 0 0 _a574.90954
092 _a574.909 W29 1980
100 1 _aWagner, Frederic H.
245 1 0 _aWildlife of the deserts /
_cFrederic H. Wagner.
260 _aNew York :
_bH. N. Abrams,
_c1980.
300 _a231 p. :
_bill. ;
_c27 cm.
500 _a"A Chanticleer Press edition."
650 0 _aDesert biology.
001 data
999 _c468
_d468